Panathinaikos Champions League XIs - Statistics

General Stats
  • This quiz has been taken 158 times
  • The average score is 22 of 61
Answer Stats
Answer % Correct
Giorgos Karagounis
85%
Djibril Cissé
80%
Antonios Nikopolidis
79%
Angelos Basinas
72%
Gilberto Silva
67%
Krzysztof Warzycha
66%
Mario Galinović
65%
Giannis Goumas
64%
Michalis Konstantinou
63%
Loukas Vyntra
62%
Kostas Katsouranis
61%
Dimitrios Papadopoulos
60%
Nikos Liberopoulos
60%
Takis Fyssas
55%
Giourkas Seitaridis
54%
Sotirios Kyrgiakos
54%
Alexandros Tzorvas
53%
Nikos Spyropoulos
53%
René Henriksen
49%
Dimitris Salpingidis
47%
Józef Wandzik
47%
Leonidas Vokolos
45%
Ezequiel González
44%
Giorgos Donis
44%
Kostas Chalkias
42%
Jean-Alain Boumsong
41%
Josu Sarriegi
41%
Cédric Kanté
39%
Mikael Nilsson
39%
Vangelis Mantzios
38%
Jan Michaelsen
37%
Stratos Apostolakis
36%
Simão Mate Junior
33%
Paulo Sousa
30%
Juan Borrelli
27%
Markus Münch
27%
Giannis Kalitzakis
25%
Luis García
23%
Marinos Ouzounidis
23%
Nasief Morris
21%
Aljoša Asanović
20%
Anthony Šerić
19%
Georgios Georgiadis
18%
Stergos Marinos
17%
Fernando Galetto
15%
Percy Olivares
15%
Kostas Konstantinidis
14%
Pantelis Konstantinidis
14%
Raimondas Žutautas
13%
Flávio Conceição
12%
Silvio Marić
12%
Andreas Lagonikakis
11%
Dimitris Markos
11%
Thanasis Kolitsidakis
11%
Igor Bišćan
10%
Sándor Torghelle
10%
Spyros Marangos
8%
Filippos Darlas
6%
Rudi Skácel
5%
Kostas Kiassos
4%
Vladan Milojević
2%
No matching quizzes found
Score Distribution
Percent of People with Each Score
Percentile by Number Answered
Your Score History
You have not taken this quiz